000 00671nam a2200205 a 4500
001 BRCA_3764
005 20190320204420.0
008 071009s19341984mx-a---###---#000-0#spa-#
041 _aspa
044 _amx
050 4 _aN910
_b.P35 1984
245 1 0 _aPalacio de Bellas Artes
_b50 años : 1934-1984.
260 _aMéxico
_b[Instituto Nacional de Bellas Artes]
_c[1984]
300 _a1 v. (sin paginación)
_bil., 9 láminas a color
_c41 cm.
500 _aColección Sonia Corcuera de Mancera
500 _aPor su formato NO se presta a domicilio
610 2 4 _aPalacio de Bellas Artes (Ciudad de México)
_xAniversarios, etc.
_99814
902 _aDSC
942 _2lcc
_cB
999 _c3493
_d3493